000 00496nam a2200169 4500
001 122189
003 ES-MaACL
005 20251116063102.0
007 t|
008 070214s1949 sp r ||||1| spa d
100 0 _aPrieto-Castro y Ferrándiz, Leonardo
_993919
245 1 0 _aDerecho Procesal Civil /
_cLeonardo Prieto Castro.
260 _aZaragoza :
_bLibrería General,
_c1949.
300 _a2 t. ;
_c21 cm.
852 _aES-MaACL
_jD-8099-8100
_bR.29636
999 _c122189
_d122189